[Event "Kiel op 25th"]
[Site "Kiel"]
[Date "2012.08.03"]
[Round "9"]
[White "Prasse, Philipp"]
[Black "Deutschbein, Christopher"]
[Result "1/2-1/2"]
[WhiteElo "1978"]
[BlackElo "2049"]
[PlyCount "34"]
[EventDate "2012.07.28"]
[EventType "swiss"]
[EventRounds "9"]
[EventCountry "GER"]
[SourceTitle "EXT 2015"]
[Source "ChessBase"]
[SourceDate "2014.11.20"]
[SourceVersion "1"]
[SourceVersionDate "2014.11.20"]
[SourceQuality "1"]

1. e4 e5 2. Nc3 Bc5 3. Na4 Bxf2+ 4. Kxf2 Qh4+ 5. Ke3 Qf4+ 6. Kd3 d5 7. Kc3 Qxe4 8. Kb3 Na6 9. a3 Qxa4+ 10. Kxa4 Nc5+ 11. Kb4 a5+ 12. Kxc5 Ne7 13. Bb5+ Kd8 14. Bc6 b6+ 15. Kb5 Nxc6 16. Kxc6 Bb7+ 17. Kb5 Ba6+ 1/2-1/2

[Event "Kiel op 25th"]
[Site "Kiel"]
[Date "2012.07.30"]
[Round "5"]
[White "Prasse, Philipp"]
[Black "Scepanik, Hans Juergen"]
[Result "0-1"]
[WhiteElo "1978"]
[BlackElo "1915"]
[PlyCount "76"]
[EventDate "2012.07.28"]
[EventType "swiss"]
[EventRounds "9"]
[EventCountry "GER"]
[SourceTitle "EXT 2015"]
[Source "ChessBase"]
[SourceDate "2014.11.20"]
[SourceVersion "1"]
[SourceVersionDate "2014.11.20"]
[SourceQuality "1"]

1. e4 c5 2. Nc3 e6 3. f4 Nc6 4. Nf3 a6 5. g3 Nge7 6. Bg2 g6 7. d3 d6 8. 0-0 Bg7 9. Be3 Nd4 10. Qd2 b5 11. Nd1 Rb8 12. c3 Nxf3+ 13. Bxf3 b4 14. Nf2 Qc7 15. d4 bxc3 16. bxc3 0-0 17. Rfd1 a5 18. dxc5 dxc5 19. Nd3 c4 20. Ne5 Re8 21. Qd6 Qxd6 22. Rxd6 Bf8 23. Rad1 Nd5 24. exd5 Bxd6 25. Nc6 Rb2 26. Bc1 Rxa2 27. dxe6 Bc5+ 28. Kh1 Bxe6 29. Nd8 Bc8 30. f5 Bxf5 31. Nb7 Bb6 32. Nd6 Bc2 33. Nxe8 Bxd1 34. Nf6+ Kg7 35. Ne8+ Kf8 36. Bc6 Ke7 37. Bg5+ f6 38. Bxf6+ Kf7 0-1

[Event "Kiel op 25th"]
[Site "Kiel"]
[Date "2012.07.29"]
[Round "4"]
[White "Homuth, Manfred"]
[Black "Prasse, Philipp"]
[Result "1-0"]
[WhiteElo "2173"]
[BlackElo "1978"]
[PlyCount "95"]
[EventDate "2012.07.28"]
[EventType "swiss"]
[EventRounds "9"]
[EventCountry "GER"]
[SourceTitle "EXT 2015"]
[Source "ChessBase"]
[SourceDate "2014.11.20"]
[SourceVersion "1"]
[SourceVersionDate "2014.11.20"]
[SourceQuality "1"]

1. e4 c5 2. Nf3 Nc6 3. d4 cxd4 4. Nxd4 e5 5. Nb5 d6 6. c4 Be7 7. N1c3 a6 8. Na3 Be6 9. Be2 Nd4 10. Be3 Nxe2 11. Qxe2 Bg5 12. 0-0 Bxe3 13. Qxe3 Ne7 14. Nd5 Nxd5 15. cxd5 0-0 16. Nc4 b5 17. Nd2 Qd7 18. Rfc1 Qb7 19. Rc3 Rfc8 20. Rac1 Rxc3 21. Rxc3 Rc8 22. Nb3 f6 23. Na5 Rxc3 24. Qxc3 Qb6 25. Nc6 Kf7 26. b4 Ke8 27. Ne7 Kxe7 28. Qc8 Qd4 29. Qxe6+ Kf8 30. Qxd6+ Kf7 31. Qe6+ Kf8 32. h3 Qa1+ 33. Kh2 Qxa2 34. Qc8+ Kf7 35. Qd7+ Kg6 36. Qf5+ Kf7 37. h4 Qd2 38. g3 Qxb4 39. Qe6+ Kg6 40. Qe8+ Kh6 41. g4 g6 42. Qd8 f5 43. d6 fxg4 44. Qg5+ Kg7 45. Qxe5+ Kh6 46. d7 Qf8 47. Kg1 Qb4 48. d8Q 1-0

[Event "Leipzig VfB op 19th"]
[Site "Leipzig"]
[Date "2012.03.10"]
[Round "8"]
[White "Prasse, Philipp"]
[Black "Teichmann, Felix"]
[Result "1-0"]
[WhiteElo "1985"]
[BlackElo "1834"]
[PlyCount "47"]
[EventDate "2012.03.06"]
[EventType "swiss"]
[EventRounds "9"]
[EventCountry "GER"]
[SourceTitle "CBM 147 Extra"]
[Source "ChessBase"]
[SourceDate "2012.04.24"]
[SourceVersion "1"]
[SourceVersionDate "2012.04.24"]
[SourceQuality "1"]

1. e4 c5 2. Nc3 e6 3. f4 d6 4. Nf3 a6 5. a4 b6 6. Bc4 Qc7 7. 0-0 Bb7 8. Qe1 Nc6 9. d3 Nge7 10. f5 exf5 11. exf5 Nb4 12. Bb3 0-0-0 13. Ng5 Ned5 14. Nxd5 Nxd5 15. Ne6 fxe6 16. Qxe6+ Kb8 17. Bxd5 Bxd5 18. Qxd5 Qb7 19. Qxb7+ Kxb7 20. Bg5 Rd7 21. Rae1 d5 22. Re8 Rf7 23. g4 g6 24. fxg6 1-0

[Event "Leipzig VfB op 19th"]
[Site "Leipzig"]
[Date "2012.03.08"]
[Round "5"]
[White "Lehmann, Karl Heinz"]
[Black "Prasse, Philipp"]
[Result "1-0"]
[WhiteElo "2142"]
[BlackElo "1985"]
[PlyCount "69"]
[EventDate "2012.03.06"]
[EventType "swiss"]
[EventRounds "9"]
[EventCountry "GER"]
[SourceTitle "CBM 147 Extra"]
[Source "ChessBase"]
[SourceDate "2012.04.24"]
[SourceVersion "1"]
[SourceVersionDate "2012.04.24"]
[SourceQuality "1"]

1. d4 Nf6 2. g3 g6 3. Bg2 Bg7 4. e4 d6 5. Ne2 0-0 6. 0-0 c6 7. c4 e5 8. dxe5 dxe5 9. Qxd8 Rxd8 10. Nbc3 Be6 11. b3 Na6 12. h3 Bf8 13. Bg5 Bg7 14. f4 Rd3 15. f5 gxf5 16. exf5 Bd7 17. Rad1 Rxd1 18. Rxd1 Be8 19. g4 Nd7 20. Ne4 f6 21. Bh4 Nb4 22. Rd2 Kf7 23. a3 Na6 24. Nd6+ Ke7 25. b4 Rb8 26. Nc3 Bh6 27. Rd3 Nb6 28. Nce4 Bg7 29. g5 fxg5 30. Bxg5+ Kf8 31. f6 Bh8 32. Bh6+ Kg8 33. Nxe8 Rxe8 34. Nd6 Rf8 35. Rg3+ 1-0

[Event "Leipzig VfB op 19th"]
[Site "Leipzig"]
[Date "2012.03.06"]
[Round "1"]
[White "Bohne, Alexander"]
[Black "Prasse, Philipp"]
[Result "0-1"]
[WhiteElo "1796"]
[BlackElo "1985"]
[PlyCount "72"]
[EventDate "2012.03.06"]
[EventType "swiss"]
[EventRounds "9"]
[EventCountry "GER"]
[SourceTitle "CBM 147 Extra"]
[Source "ChessBase"]
[SourceDate "2012.04.24"]
[SourceVersion "1"]
[SourceVersionDate "2012.04.24"]
[SourceQuality "1"]

1. e4 c5 2. Bc4 e6 3. Nc3 Ne7 4. d3 d5 5. Bb3 Nbc6 6. Bg5 Nd4 7. Nge2 Nxb3 8. axb3 f6 9. Bh4 Ng6 10. Bg3 Bd6 11. 0-0 0-0 12. Qd2 b6 13. exd5 Bxg3 14. Nxg3 e5 15. Nge2 Bb7 16. f4 exf4 17. Nxf4 Nxf4 18. Qxf4 Bxd5 19. Nxd5 Qxd5 20. Rfe1 Qd4+ 21. Qxd4 cxd4 22. Ra4 Rfd8 23. Re7 Re8 24. Rxe8+ Rxe8 25. Kf2 Rc8 26. Rc4 Rxc4 27. bxc4 Kf7 28. Kf3 f5 29. g4 Kf6 30. h4 fxg4+ 31. Kxg4 Ke5 32. Kg5 a5 33. b3 h6+ 34. Kg4 g6 35. Kg3 Kf5 36. Kf3 g5 0-1

[Event "Hamburg St Pauli op-A"]
[Site "Hamburg"]
[Date "2010.07.14"]
[Round "6"]
[White "Prasse, Philipp"]
[Black "Moser, Till"]
[Result "0-1"]
[WhiteElo "1921"]
[BlackElo "2057"]
[PlyCount "134"]
[EventDate "2010.07.10"]
[EventType "swiss"]
[EventRounds "9"]
[EventCountry "GER"]
[SourceTitle "EXT 2013"]
[Source "ChessBase"]
[SourceDate "2012.11.22"]
[SourceVersion "1"]
[SourceVersionDate "2012.11.22"]
[SourceQuality "1"]

1. e4 c5 2. Nf3 e6 3. d3 d5 4. Nbd2 g6 5. g3 Bg7 6. Bg2 Nc6 7. 0-0 Nge7 8. Re1 h6 9. h4 b6 10. Qe2 Bb7 11. e5 Qc7 12. Nf1 0-0-0 13. c3 d4 14. c4 Rdg8 15. a3 g5 16. hxg5 Ng6 17. b4 hxg5 18. Bxg5 Ncxe5 19. bxc5 Nxf3+ 20. Bxf3 Ne5 21. Bg2 Bxg2 22. Kxg2 Qc6+ 23. Qe4 Qxe4+ 24. Rxe4 bxc5 25. Rd1 Kd7 26. Bf4 Ng6 27. Rb1 Kc6 28. Bd2 Rb8 29. Ree1 Ne5 30. Rxb8 Rxb8 31. Bf4 Nxd3 32. Rxe6+ fxe6 33. Bxb8 e5 34. Nd2 Bh6 35. Ne4 a6 36. g4 Nb2 37. g5 Bxg5 38. Nxg5 Nxc4 39. Nf3 Kd5 40. Kf1 e4 41. Ng5 Nxa3 42. Ke2 Nc4 43. Ba7 d3+ 44. Kd1 a5 45. Bxc5 Kxc5 46. Nxe4+ Kd4 47. Ng5 a4 48. Kc1 a3 49. Kb1 Ke5 50. Ka2 Kf4 51. Ne6+ Kf3 52. Nd4+ Kxf2 53. Nb3 Ke3 54. Ka1 Kf2 55. Ka2 Ke1 56. Nd4 Kd2 57. Nb3+ Kc2 58. Nd4+ Kc3 59. Nb3 Na5 60. Nc5 Nc4 61. Nxd3 Kxd3 62. Kb3 Kd2 63. Ka2 Kc2 64. Ka1 Kb3 65. Kb1 Ne3 66. Ka1 Nc2+ 67. Kb1 a2+ 0-1